Dom Quixote (Record no. 184136)

MARC details
000 -LÍDER
campo de controle de tamanho fixo 00383 a2200169 4500
001 - NÚMERO DE CONTROLE
campo de controle 184136
020 ## - ISBN - INTERNATIONAL STANDARD BOOK NUMBER
ISBN - International Standard Book Number 85-98322-07-5
040 ## - FONTE DA CATALOGAÇÃO
Instituição que transcreveu o registro Magnum
100 ## - ENTRADA PRINCIPAL--NOME PESSOAL
Nome pessoal Souza, Alexandre Barbosa de
240 10 - TÍTULO UNIFORME
Título uniforme Dom Quixote
Idioma da obra por
245 10 - TÍTULO
Título Dom Quixote
300 ## - DESCRIÇÃO FÍSICA
Extensão 71
362 0# - DATAS DE PUBLICAÇÃO E/OU DESIGNAÇÃO SEQUENCIAL
Datas de publicação e/ou designação sequencial 2004
440 #1 - DECLARAÇÃO DE SÉRIE/ENTRADA ADICIONADA--TÍTULO
Título Escala Educacional
697 ## - ENTRADA DE ASSUNTO LOCAL--ENTIDADE COLETIVA (RLIN)
Nome corporativo ou nome da jurisdição LITERATURA INFANTO-JUVENIL ESTRANGEIRA
942 ## - ELEMENTOS DE ENTRADA ADICIONADOS (KOHA)
Tipo de material Koha Livros
Holdings
Situação do descarte Situação das perdas Situação física Não pode ser emprestado Biblioteca de origem Biblioteca atual Data de aquisição Total de empréstimos Número de chamada completo Código de barras Data de último acesso Data do preço efetivo Tipo de material Koha
        Magnum Magnum 08/06/2024   890.4.28 MAG00041985 08/06/2024 08/06/2024 Livros
        Magnum Magnum 08/06/2024   890.4.28 MAG00041986 08/06/2024 08/06/2024 Livros
        Magnum Magnum 08/06/2024   890.4.28 MAG00041987 08/06/2024 08/06/2024 Livros
        Magnum Magnum 08/06/2024   890.4.28 MAG00041988 08/06/2024 08/06/2024 Livros
        Magnum Magnum 08/06/2024   890.4.28 MAG00041989 08/06/2024 08/06/2024 Livros
        Magnum Magnum 08/06/2024   890.4.28 MAG00041990 08/06/2024 08/06/2024 Livros
        Magnum Magnum 08/06/2024   890.4.28 MAG00041991 08/06/2024 08/06/2024 Livros
        Magnum Magnum 08/06/2024   890.4.28 MAG00041992 08/06/2024 08/06/2024 Livros